000 00925nam a2200337 a 4500
003 AR-BaBNM
005 20251128205336.0
008 082120s2002 ||||||||||||||000 | spa||
020 _a84-7046-437-X
040 _cAR-BaBNM
245 0 0 _aTren Trotron preescolar
_bapoyo y refuerzo
_n1
260 _aBuenos Aires
_bCincel
_c1992
300 _bil.
521 _aINICIAL
650 4 _aEXPRESION ORAL
650 4 _aPERCEPCION VISUAL
650 4 _aPSICOMOTRICIDAD
650 4 _aCOORDINACION SENSOMOTRIZ
650 4 _aACTIVIDADES DE APRENDIZAJE
653 _aNIVEL INICIAL
653 _aCOMPRENSION LECTORA
653 _aEDUCACION PLASTICA
653 _aEDUCACION INICIAL
700 1 _aLópez García, Carolina
700 1 _aMatías Mateos, Consuelo
700 1 _aJaén Jiménez, Teresa
700 1 _aMartínez Igualada, Carmen
700 1 _aParrondo Soriguren, Pilar
942 _cBK
998 _cCarmen
999 _c11013
_d11013